| 000 | 01194nam a2200253 a 4500 | ||
|---|---|---|---|
| 001 | 71630 | ||
| 003 | BD-RjUL | ||
| 005 | 20211209082134.0 | ||
| 008 | 170506s2001 bg ||||| |||| 00| 0 ben d | ||
| 020 |
_a9848193171 _c:Tk. 500.00 |
||
| 035 | _a(BD-RjUL)71846 | ||
| 040 |
_aBD-RjUL _bben _cBD-RjUL |
||
| 041 | _aben | ||
| 082 |
_223 _a891.44092 _bKAZ 2001 |
||
| 245 | 0 | 0 |
_aকাজী নজরুল ইসলাম জন্মশতবার্ষিকী স্মারকগ্রন্থ / _cআবদুল মান্নান সৈয়দ সম্পাদিত. |
| 260 |
_aঢাকা : _bএ্যাডর্ন পাবলিকেশন, _c২০০১ |
||
| 300 |
_a৫৫৪ পৃ. : _bচিত্র ; _c২৩ সেমি. |
||
| 600 |
_aইসলাম, কাজী নজরুল _d১৮৯৯-১৯৭৬ _9213705 |
||
| 600 |
_aIslam, Kazi Nazrul _d1899-1976 _xBiography _9161724 |
||
| 650 |
_aবাংলা সাহিত্য _xইতিহাস ও সমালোচনা _9211942 |
||
| 650 |
_aBengali literature _xHistory and criticism _9211943 |
||
| 700 |
_aসৈয়দ, আবদুল মান্নান _9211944 |
||
| 942 |
_2ddc _cBK |
||
| 999 |
_c71630 _d71630 |
||